Tablice rejestracyjne województwa śląskiego - Statystyki

Ogólne statystyki
  • Ten quiz został rozwiązany 932 razy
  • Średni wynik to 31 z 35
Statystyki odpowiedzi
miasto na
prawach powiatu
tablica
rejestracyjna
% Poprawnych
Bielsko Biała SB
99%
Częstochowa SC
98%
Gliwice SG
98%
Katowice SK
98%
Mysłowice SM
98%
Dąbrowa Górnicza SD
97%
Jaworzno SJ
97%
Rybnik SR
96%
Tychy ST
96%
Zabrze SZ
96%
Chorzów SH
93%
Jastrzębie- Zdrój SJZ
93%
Sosnowiec SO
92%
Bytom SY
90%
cieszyński SCI
89%
gliwicki SGL
89%
mikołowski SMI
89%
bielski SBI
88%
częstochowski SCZ
87%
myszkowski SMY
87%
pszczyński SPS
87%
Świętochłowice SW
87%
będziński SBE
86%
bieruńsko- lędziński SBL
86%
kłobucki SKL
86%
Żory SZO
86%
lubliniecki SLU
85%
tarnogórski STA
85%
zawierciański SZA
85%
żywiecki SZY
85%
Siemianowice Śląskie SI
83%
Piekary Śląskie SPI
83%
rybnicki SRB
83%
raciborski SRC
81%
Ruda Śląska SL
68%
Nie znaleziono quizów pasujących do podanych kryteriów
Rozkład punktacji
Procent ludzi z każdym wynikiem
Percentyl według liczby udzielonych odpowiedzi
Twoja historia wyników
Nie rozwiązałeś tego quizu